| 000 | 003580000a22001450004500 | ||
|---|---|---|---|
| 003 | MACL | ||
| 040 | _aMACL | ||
| 090 |
_c42526 _d42524 |
||
| 100 | _aNarang, Vaishna | ||
| 245 |
_aCommunication Disorders _bStudies on Aphasia Acalculia and Dysarthria |
||
| 260 |
_bAcademic Excellence _c2008 |
||
| 350 | _a400 | ||
| 650 | _aPsychology | ||
| 942 |
_cBOOK _k150/NAR |
||
| 999 |
_c42077 _d42077 |
||